Hombre cero / (Record no. 193985)

MARC details
000 -LEADER
campo de control de longitud fija 02531nam a2200361 i 4500
001 - NÚMERO DE CONTROL
campo de control 193985
003 - IDENTIFICADOR DE NÚMERO DE CONTROL
campo de control ES-MaACL
005 - FECHA Y HORA DE LA ÚLTIMA TRANSACCIÓN
campo de control 20250711063122.0
008 - DATOS DE LONGITUD FIJA--INFORMACIÓN GENERAL
campo de control de longitud fija 240115s2016 sp | |||| 000 0 spa
015 ## - NÚMERO DE BIBLIOGRAFÍA NACIONAL
Número de bibliografía nacional MON16
017 ## - NÚMERO DE COPYRIGHT O DE DEPÓSITO LEGAL
Número de copyright o de depósito legal M 36035-2016
Agencia que asigna Oficina Depósito Legal Madrid
020 ## - NÚMERO INTERNACIONAL ESTÁNDAR DEL LIBRO
Número Internacional Estándar del Libro 9788499464534
035 ## - NÚMERO DE CONTROL DEL SISTEMA
Número de control de sistema (OCoLC)1018112951
040 ## - FUENTE DE CATALOGACIÓN
Centro catalogador/agencia de origen SpMaBN
Lengua de catalogación spa
Centro/agencia transcriptor SpMaBN
Normas de descripción rdc
080 ## - NÚMERO DE LA CLASIFICACIÓN DECIMAL UNIVERSAL
Número de la Clasificación Decimal Universal 821.134.2-31"19"
100 ## - ENTRADA PRINCIPAL--NOMBRE DE PERSONA
Nombre de persona Ruiz de Linares, Ernesto,
Fechas asociadas al nombre 1954-
Número de control del registro de autoridad o número normalizado XX1726707
9 (RLIN) 235445
Término indicativo de función/relación Autor
245 10 - MENCIÓN DEL TÍTULO
Título Hombre cero /
Mención de responsabilidad, etc. Ernesto Ruiz de Linares.
250 ## - MENCION DE EDICION
Mención de edición 1ª ed.
260 ## - PUBLICACIÓN, DISTRIBUCIÓN, ETC.
Lugar de publicación, distribución, etc. Madrid :
Nombre del editor, distribuidor, etc. Edición Personal,
Fecha de publicación, distribución, etc. 2016
300 ## - DESCRIPCIÓN FÍSICA
Extensión 238 p. ;
Dimensiones 21 cm
336 ## - TIPO DE CONTENIDO
Término de tipo de contenido Texto (visual)
Fuente isbdcontent
337 ## - TIPO DE MEDIO
Nombre/término del tipo de medio sin mediación
Fuente isbdmedia
338 ## - TIPO DE SOPORTE
Fuente rdacarrier
Nombre/término del tipo de soporte volumen
520 ## - RESUMEN, ETC.
Sumario, etc. Es una obra que carga a sus espaldas toda una tradición de novelas de ciencia ficción y distopías futuristas, con un toque de amor, erotismo y mucho de ensayo narrativo en el que se trata de poner de manifiesto el empobrecimiento humanístico del hombre de hoy. Una pesimista pero realista visión de la humanidad que transporta al lector a una sociedad futura en el año 2060.<br/>El doctor Donci es contratado por el Nuevo Orden Mundial (NOM) como director de la unidad genetista más prestigiosa y peligrosa. A través de él, conoceremos la alienación del ser humano provocada por él mismo, con apoyo de la tecnología, siempre eficaz y aséptica, sirviendo de herramienta para la sociedad futura, y la irónica forma de presentar esta nueva sociedad. Todo «Top Secret», of course. Donci es el encargado de dirigir la sección que acabará de arrebatarle al ser humano lo poco que de su esencia mantiene. Y cuando está todo planificado, decide huir y dejar que la sociedad se hunda tras él. Si quieres saber en qué consiste y cómo puede fabricarse un hombre cero, reflejo de una sociedad que aún no se ha ido, puedes encontrarte y encontrarlo entre estas páginas.
655 #0 - TERMINO DE INDIZACIÓN--GENERO/FORMA
Datos o término principal de género/forma Novelas distópicas
Fuente del término tgfbne
9 (RLIN) 235537
852 ## - LOCALIZACIÓN
Ubicación ES-MaACL
Sublocalización o colección R.154973
Ubicación en estantería Depósito J
Número de control de estantería N-9779
Encuadernación Encuadernación rústica con solapas
Anotaciones manuscritas Dedicatoria autógrafa del autor
Donativo/Legado Donación: Ernesto Ruíz de LInares
itemnumber 205508
903 ## - NOMBRE PERSONAL DE DONANTE
9 235445
a Ruiz de Linares, Ernesto,
d 1954-
e Donante
942 ## - ELEMENTOS DE ENTRADA SECUNDARIOS (KOHA)
Tipo de ítem Koha Libro impreso
Suprimir en OPAC No
Holdings
Estatus retirado Estado de pérdida Fuente del sistema de clasificación o colocación Estado de daño No para préstamo Colección Biblioteca de origen Biblioteca actual Ubicación en estantería Fecha de adquisición Fuente de adquisición Número de control de estantería Total de préstamos Signatura topográfica completa Código de barras Visto por última vez Precio de reemplazo Tipo de ítem Koha
    Clasificación decimal universal     Libros con dedicatorias Biblioteca del Ateneo de Madrid Biblioteca del Ateneo de Madrid Depósito J 13/05/2025 Donación Ateneísta   N-9779 101230091 13/05/2025 13/05/2025 Libro impreso